| 000 | 00530nam a2200205 a 4500 | ||
|---|---|---|---|
| 005 | 20210223132849.0 | ||
| 008 | 160309s1999 mx r 000 0 spa d | ||
| 020 | _a9700510948 | ||
| 035 | _aUPN01000208883 | ||
| 049 | _aCG | ||
| 050 | 4 |
_aPQ8097 D4.3 _bC6.4 |
|
| 100 | 1 |
_aDélano, Poli, _d1936- _932397 |
|
| 245 | 1 | 3 |
_aLa cola / _cPoli Délano. |
| 260 |
_aMéxico : _bGrijalbo, _c1999. |
||
| 300 | _a167 p. | ||
| 650 | 4 |
_aNOVELA CHILENA _98845 |
|
| 650 | 4 |
_aLITERATURA CHILENA _911995 |
|
| 905 | _aLibro | ||
| 999 |
_c180984 _d180984 |
||